Ako rozdeliť rentu

Zdravotné poisťovne na Slovensku. Ako sa darí poisťovniam. Poisťovne sa sporia, kto na koho dopláca.

Salvato in:
Dettagli Bibliografici
Autore principale: Múčka, František
Natura: Capitolo di libro
Lingua:slovacco
Soggetti:
Tags: Aggiungi Tag
Nessun Tag, puoi essere il primo ad aggiungerne!!

MARC

LEADER 00000naa a2200000 4500
001 0135276
005 20231113072948.2
041 0 |a slo 
044 |a SK 
245 1 0 |a Ako rozdeliť rentu  |c František Múčka 
520 |a Zdravotné poisťovne na Slovensku. Ako sa darí poisťovniam. Poisťovne sa sporia, kto na koho dopláca. 
610 2 0 |a poisťovne zdravotné 
610 2 0 |a Slovensko 
100 1 |a Múčka, František